Devine la joueuse de handball (difficile) #3 - Statistiques

Statistiques générales
  • Ce quiz a été pris 3 fois
  • Le résultat moyen est 10 sur 15
Statistiques - réponses
Hint Réponse % Correct
Ancienne ailière droite de l'équipe de France de 2017 à 2025, elle remporte le championnat d'Europe de 2028 et les Jeux Olympiques de 2020. Coatanea
100%
Actuelle pivot de l'équipe de France depuis 2018 qui porte le numéro 22. Foppa
100%
Pivot de l'équipe de France depuis 2021, son prénom commence par la même lettre que son nom de famille. Ondono
100%
Ancienne pivot de l'équipe de France d'1m82 qui s'est ensuite spécialisée dans les tâches défensives. Edwige
67%
Actuelle ailière gauche de l'équipe de Norvège depuis 2006, elle réussit a guérir d'un cancer du sein et retrouve le terrain seulement cinq jours après sa dernière chimiothérapie. Herrem
67%
Arrière droite de l'équipe des Pays-Bas depuis 2017, lors des championnats du monde de 2025 elle est nommée "arrière droit all star" de la compétition grâce à ses 44 buts et 41 passes décisives. Housheer
67%
Ancienne pivot de l'équipe de Norvège de 2006 à 2020, elle est élue "meilleure handballeuse de l'année" en 2011. Loke
67%
Arrière gauche / demi-centre de l'équipe d'Allemagne depuis 2020 surnomée "Anni" Lott
67%
Arrière gauche de l'équipe d'Allemagne depuis 2014, elle est née en Belgique et se fait naturaliser en Allemagne. Smits
67%
Arrière gauche de l'équipe d'Allemagne depuis 2016, elle est la fille de l'ancienne joueuse internationale Andrea Bölk. Vogel
67%
Ailière gauche de l'équipe de France, elle est la première joueuse néo-calédonienne à jouer pour l'équipe de France. Wajoka
67%
Arrière gauche de l'équipe des Pays-Bas depuis 2013, elle mesure 1m85 et porte le numéro 17. Dulfer
33%
Ancienne handballeuse de l'équipe de Norvège de 1993 à 2004, elle est considérée comme l'une des meilleures gardienne du monde et est élue meilleure handballeuse du monde en 2001. Leganger
33%
Morskova
33%
Ancienne arrière gauche / demi-centre de l'équipe de Chine de 1989 à 2004, elle a été élue meilleure joueuse du monde en 2002. Zhai
33%
Aucun quiz correspondant
Distribution des résultats
% des personnes avec chaque résultat
Percentile par nombre de réponses
Votre historique - résultats
Vous n’avez pas pris ce quiz